Akciová spoločnosť
Pokračovanie príspevku o právnej úprave akciových spoločností. Založenie akciovej spoločnosti bez výzvy na upisovanie akcií. Vznik a stanovy akciovej spoločnosti. Dočasný list. Práva a povinnosti akcionárov. Majetkové a nemajetkové práva akcionára.
Enregistré dans:
| Auteur principal: | |
|---|---|
| Autres auteurs: | |
| Format: | Chapitre de livre |
| Langue: | slovaque |
| Sujets: | |
| Tags: |
Pas de tags, Soyez le premier à ajouter un tag!
|
MARC
| LEADER | 00000naa a2200000 4500 | ||
|---|---|---|---|
| 001 | r047410 | ||
| 005 | 20231002123602.1 | ||
| 041 | 0 | |a slo | |
| 044 | |a SK | ||
| 245 | 1 | 0 | |a Akciová spoločnosť |c Jozef Vozár, Lukáš Lapšanský |
| 520 | |a Pokračovanie príspevku o právnej úprave akciových spoločností. Založenie akciovej spoločnosti bez výzvy na upisovanie akcií. Vznik a stanovy akciovej spoločnosti. Dočasný list. Práva a povinnosti akcionárov. Majetkové a nemajetkové práva akcionára. | ||
| 610 | 2 | 0 | |a spoločnosti akciové |
| 610 | 2 | 0 | |a akcie |
| 610 | 2 | 0 | |a stanovy |
| 610 | 2 | 0 | |a zákonník obchodný |
| 100 | 1 | |a Vozár, Jozef | |
| 700 | 1 | |a Lapšanský, Lukáš | |